Central Library OPAC University of Rajshahi

Hand book on food industries / (Record no. 37352)

MARC details
000 -LEADER
fixed length control field 00756nam a2200241 a 4500
001 - CONTROL NUMBER
control field 37352
003 - CONTROL NUMBER IDENTIFIER
rucl marc code BD-RjUL
005 - DATE AND TIME OF LATEST TRANSACTION
control field 20211209052612.0
008 - FIXED-LENGTH DATA ELEMENTS--GENERAL INFORMATION
fixed length control field 141202q19-- ii a|||| |||| 00| 0 eng d
035 ## - SYSTEM CONTROL NUMBER
System control number (BD-RjUL)37455
040 ## - CATALOGING SOURCE
Original cataloging agency BD-RjUL
Language of cataloging eng
Transcribing agency BD-RjUL
041 ## - LANGUAGE CODE
Language code of text/sound track or separate title eng
082 ## - DEWEY DECIMAL CLASSIFICATION NUMBER
Classification number 331.702
Author mark and year BHH 19--
100 ## - MAIN ENTRY--PERSONAL NAME
Personal name Bhatia, S.C.
9 (RLIN) 114495
245 ## - TITLE STATEMENT
Title Hand book on food industries /
Statement of responsibility, etc. by S.C. Bhatia, S.M. Arora, Sisir Kumar Rath.
260 ## - PUBLICATION, DISTRIBUTION, ETC. (IMPRINT)
Place of publication, distribution, etc. Delhi :
Name of publisher, distributor, etc. Small Industry Research Institute,
Date of publication, distribution, etc. [19--]
300 ## - PHYSICAL DESCRIPTION
Pagination 204 p.:
Illustrations ill.
Size 24 cm.
650 ## - SUBJECT ADDED ENTRY--TOPICAL TERM
Topical term or geographic name as entry element Baking
General subdivision Vocational guidance.
9 (RLIN) 114496
Topical term or geographic name as entry element Confectionery
General subdivision Vocational guidance.
9 (RLIN) 114499
700 ## - ADDED ENTRY--PERSONAL NAME
Personal name Arora, S.M.
Personal name Rath, Sisir Kumar
942 ## - ADDED ENTRY ELEMENTS (KOHA)
Source of classification or shelving scheme Dewey Decimal Classification
Koha item type Books
Holdings
Lost status Source of classification or shelving scheme Damaged status Not for loan Collection code Permanent Location Current Location Shelving location Date acquired Source of acquisition Total Checkouts Full call number Date last seen Copy number Koha item type
  Dewey Decimal Classification   Not For Loan Non-fiction Institute of Biological Sciences (IBSc) Library Institute of Biological Sciences (IBSc) Library   02/12/2014 Karim International   331.702 BHH 19-- 02/12/2014 C-1 Books